Abkürzungen von Hilfsorganisationen und BOS (DE) - Statistiken

Allgemein
  • Dieses Quiz wurde 23 mal gespielt
  • Das Durchschnittsergebnis liegt bei 6 aus 8
Antwortstatistiken
Abkürzung Antwort % Korrekt
DRK Deutsches Rotes Kreuz
100%
THW Bundesanstalt Technisches Hilfswerk
94%
DLRG Deutsche Lebens-Rettungs-Gesellschaft
82%
ASB Arbeiter-Samariter-Bund
76%
BW Bundeswehr
65%
DGzRS Deutsche Gesellschaft zur Rettung Schiffbrüchiger
53%
MHD Malteser Hilfsdienst
47%
JUH Johanniter-Unfall-Hilfe
41%
Keine übereinstimmenden Quizze gefunden
Verteilung der Resultate
Anzahl Personen mit jedem Resultat
Perzentil nach korrekt beantworteten Fragen
Ihre Resultats-Entwicklung
Sie haben dieses Quiz noch nicht gespielt